000 00847nam a22001697a 4500
008 260422b ||||| |||| 00| 0 eng d
082 0 4 _a553.8
100 0 0 _aArda Anasha Jamil
245 1 0 _aRANCANGAN MALAYSIA KEDUA BELAS : PROJEK PENILAIAN POTENSI SUMBER UNSUR NADIR BUMI (REE): PENILAIAN POTENSI SUMBER UNSUR NADIR BUMI DI SEBAHAGIAN KAWASAN HUTAN RIZAB SIMPANAN LABIS, NEGERI JOHOR DARUL TA'ZIM / Oleh : ARDA ANASHA BINTI JAMIL, SIA SAY GEE
250 _aNo. Laporan : JMG.JHR (REE) 1/2023
260 _aJohor Bahru :
_bJabatan Mineral dan Geosains Malaysia Negeri Johor,
_c2023
300 _a35 pages :
_bsome colour illustrations ;
_c30 cm
650 1 0 _xRare earth elements
_zMalaysia
_zJohor
650 2 0 _xGeological surveys
_zMalaysia
_zJohor
650 2 0 _xMineral resources
_zMalaysia
_zJohor
942 _2ddc
_e23
_h553.8
999 _c27218
_d27218